000 00515nam a2200169Ia 4500
999 _c687
_d687
003 OSt
005 20210816125957.0
008 190216s9999||||xx |||||||||||||| ||und||
040 _coclc
082 _a892.73
_bHAL/C
100 _aHaleem, N K Abdul
_94613
245 0 _aA Collection of Selected Arab Stories = Al Hikayat Al-Arabiyya /
_cN K Abdul Haleem
260 _bMass Publications,
_aCalicut:
_c2003.
300 _a61p
650 _aArabic
942 _cBK
_2ddc
_h892.73
_iHAL/C
_k892.73
_mHAL/C